Score 0/25 Timer 07:00
0 Plays Today
% Correct
Chemistry
96.8%
Economics
90.3%
Chemistry
83.9%
Neuroscience
77.4%
Medicine
77.4%
Acoustics
77.4%
Acoustics
74.2%
Linguistics
71%
Public Health
71%
Management
67.7%
Mathematics
64.5%
Mathematics
64.5%
Physics
64.5%
% Correct
Physics
61.3%
Ornithology
61.3%
Peace
58.1%
Medicine
54.8%
Biology
48.4%
Literature
41.9%
Public Health
41.9%
Literature
35.5%
Nutrition
35.5%
Managed Public Health Care
25.8%
Engineering
22.6%
Peace
16.1%

You're not logged in!

Compare scores with friends on all Sporcle quizzes.
OR
Log In

Sporcle TV

Today on Sporcle TV


Watch our educational content, quiz creation guides, and fun videos on Sporcle TV.

Show Comments

Extras

Top Quizzes Today


Score Distribution

Paid Content

Your Account Isn't Verified!

In order to create a playlist on Sporcle, you need to verify the email address you used during registration. Go to your Sporcle Settings to finish the process.

Report this User

Report this user for behavior that violates our Community Guidelines.

Details: